[Event "Mogi Guacu City-ch 3rd"]
[Site "Mogi Guacu"]
[Date "2023.03.19"]
[Round "7"]
[White "Chagas, Diogo Martin"]
[Black "Escanavaqui, Joao Pedro Torriani"]
[Result "1-0"]
[WhiteElo "1850"]
[BlackElo "1738"]
[PlyCount "59"]
[EventDate "2023.03.17"]
[EventType "tourn"]
[EventRounds "9"]
[EventCountry "BRA"]
[SourceTitle "CBM 213 Extra"]
[Source "ChessBase"]
[SourceDate "2023.05.31"]
[SourceVersion "1"]
[SourceVersionDate "2023.05.31"]
[SourceQuality "1"]

1. c4 c5 2. g3 g6 3. Bg2 Bg7 4. e3 Nh6 5. Ne2 Nf5 6. d4 cxd4 7. Nxd4 0-0 8. 0-0 Nc6 9. Nxf5 gxf5 10. Qc2 e6 11. Bd2 d5 12. cxd5 exd5 13. Bc3 d4 14. exd4 Nxd4 15. Qd1 Ne6 16. Bxg7 Nxg7 17. Nc3 Qxd1 18. Raxd1 Rb8 19. Nb5 a6 20. Nd6 Rd8 21. Nxc8 Rxd1 22. Rxd1 Rxc8 23. Bxb7 Re8 24. Bxa6 h6 25. b4 Re6 26. Bc4 Rb6 27. b5 f4 28. Rd7 Kh7 29. Rxf7 h5 30. Bd3+ 1-0